[Event "Manfred-Bosbach-Turnier (43.OStM GL)"]
[Site "Bergisch Gladbach"]
[Date "2023.09.01"]
[Round "1.1"]
[White "Mohaupt, Sascha"]
[Black "Hertling, Jürgen"]
[Result "1-0"]
[WhiteElo "2233"]
[BlackElo "1684"]
[PlyCount "95"]
[EventDate "2023.??.??"]
[EventType "swiss"]
[EventRounds "7"]
[SourceVersionDate "2023.09.02"]

1. Nf3 Nf6 2. g3 d5 3. Bg2 g6 4. O-O Bg7 5. d3 O-O 6. Nbd2 b6 7. e4 dxe4 8.
dxe4 Bb7 9. Qe2 Nbd7 10. e5 Ne8 11. e6 Nc5 12. exf7+ Rxf7 13. Rd1 Nd6 14. Ng5
Rf8 15. Bxb7 Ndxb7 16. Ndf3 Qe8 17. Nd4 Rd8 18. Nde6 Rxd1+ 19. Qxd1 Nxe6 20.
Nxe6 Rf6 21. Nxg7 Kxg7 22. Bf4 e5 23. Qe2 Re6 24. Re1 Kf6 25. Bh6 Nd6 26. Qf3+
Ke7 27. Bg5+ Kd7 28. Rd1 e4 29. Qa3 a5 30. b4 axb4 31. Qxb4 Kc8 32. a4 Qc6 33.
a5 bxa5 34. Qxa5 Qb5 35. Qa8+ Qb8 36. Qd5 Re8 37. Bf4 Rd8 38. Qe6+ Rd7 39. Qg8+
Rd8 40. Qxh7 Qb2 41. Qxg6 Qxc2 42. Qe6+ Kb7 43. Rc1 Qb2 44. Qd5+ Kb8 45. Qc5
Qb7 46. h4 Ne8 47. Qe7 Kc8 48. h5 1-0

[Event "Manfred-Bosbach-Turnier (43.OStM GL)"]
[Site "Bergisch Gladbach"]
[Date "2023.09.01"]
[Round "1.2"]
[White "Rohleder, Traugott"]
[Black "Wieferig, Wolfgang"]
[Result "0-1"]
[WhiteElo "1683"]
[BlackElo "2134"]
[PlyCount "66"]
[EventDate "2023.??.??"]
[EventType "swiss"]
[EventRounds "7"]
[SourceVersionDate "2023.09.02"]

1. c4 c5 2. Nc3 e6 3. g3 d5 4. cxd5 exd5 5. d3 Nc6 6. Bg2 Nf6 7. Nf3 h6 8. O-O
Be6 9. Bf4 Be7 10. Rc1 O-O 11. Na4 Nd7 12. d4 c4 13. Nc3 Nf6 14. h3 a6 15. Na4
b5 16. Nc3 Qb6 17. Qd2 Ne4 18. Nxe4 dxe4 19. Ne5 Rad8 20. Nxc6 Qxc6 21. Rfd1
Bd5 22. Be3 f5 23. Rc2 g5 24. b3 Qd6 25. bxc4 bxc4 26. Qe1 f4 27. Bc1 Rde8 28.
Rc3 e3 29. Bxd5+ Qxd5 30. g4 Bb4 31. Ba3 exf2+ 32. Kxf2 Bxc3 33. Qxc3 Rxe2+ 0-1

[Event "Manfred-Bosbach-Turnier (43.OStM GL)"]
[Site "Bergisch Gladbach"]
[Date "2023.09.01"]
[Round "1.4"]
[White "Schüers, Christian"]
[Black "Harringer, Manfred"]
[Result "0-1"]
[WhiteElo "1507"]
[BlackElo "1995"]
[PlyCount "52"]
[EventDate "2023.??.??"]
[EventType "swiss"]
[EventRounds "7"]
[SourceVersionDate "2023.09.02"]

1. d4 Nf6 2. Nf3 e6 3. Bg5 d5 4. Nbd2 Be7 5. Bxf6 Bxf6 6. c3 O-O 7. e3 Nd7 8.
Be2 Re8 9. O-O e5 10. h3 c5 11. Re1 a6 12. Qb3 c4 13. Qc2 e4 14. Nh2 Nf8 15. b4
Bh4 16. a4 b6 17. b5 Qf6 18. Rf1 axb5 19. Ng4 Qd6 20. axb5 Bd7 21. Qb2 Reb8 22.
g3 Bxg3 23. Rxa8 Rxa8 24. fxg3 Qxg3+ 25. Kh1 Qxh3+ 26. Kg1 Bxg4 0-1

[Event "Manfred-Bosbach-Turnier (43.OStM GL)"]
[Site "Bergisch Gladbach"]
[Date "2023.09.01"]
[Round "1.5"]
[White "Heckötter, Christian"]
[Black "Bernecker, Jan Magnus"]
[Result "1/2-1/2"]
[WhiteElo "1967"]
[BlackElo "1492"]
[PlyCount "144"]
[EventDate "2023.??.??"]
[EventType "swiss"]
[EventRounds "7"]
[SourceVersionDate "2023.09.02"]

1. d4 d5 2. Nf3 e6 3. e3 Nf6 4. Bd3 c5 5. b3 Bd6 6. Bb2 O-O 7. Nbd2 Nbd7 8. O-O
b6 9. Ne5 Bb7 10. f4 Ne4 11. Qe2 f5 12. Rac1 Rc8 13. c4 cxd4 14. exd4 Bb4 15.
Ndf3 Qe7 16. Nxd7 Qxd7 17. a3 Bd6 18. Ne5 Qe7 19. b4 Bxe5 20. dxe5 dxc4 21.
Bxc4 Rfd8 22. Rfd1 Kf7 23. Rxd8 Rxd8 24. Rd1 g6 25. Rxd8 Qxd8 26. Qd3 Qxd3 27.
Bxd3 Bd5 28. Bd4 Ke7 29. a4 Kd7 30. a5 Kc7 31. Bb5 Bc6 32. Bc4 Bd7 33. axb6+
axb6 34. h3 b5 35. Be2 Bc6 36. g4 Nd2 37. gxf5 gxf5 38. Kf2 Ne4+ 39. Ke3 Ng3
40. Bd3 Ne4 41. Bc5 Nxc5 42. bxc5 Bd7 43. Kd4 Kc6 44. Be2 Kc7 45. Bd1 Bc6 46.
Bb3 Kd7 47. h4 Bf3 48. Kc3 Be2 49. Kb4 Bd3 50. Bd1 Bc4 51. Bf3 Kc7 52. Bh5 Kd7
53. Bf3 Kc7 54. Ka5 Bd3 55. Kb4 Bc4 56. Bh5 Kd7 57. Bf7 Ke7 58. Bg8 h6 59. c6
Kd8 60. Kc5 Kc7 61. Bf7 Bd5 62. Kxb5 Bxc6+ 63. Kc5 Bd5 64. Bg6 Bb3 65. Be8 Bd5
66. Bb5 Ba2 67. Bd3 Bb3 68. Bb1 Kd7 69. Kb6 Bd5 70. Bd3 Bb3 71. Bb5+ Ke7 72.
Kc7 Bd1 1/2-1/2

[Event "Manfred-Bosbach-Turnier (43.OStM GL)"]
[Site "Bergisch Gladbach"]
[Date "2023.09.01"]
[Round "1.6"]
[White "Stieg, Karsten"]
[Black "Weclawski, Roman"]
[Result "0-1"]
[WhiteElo "1454"]
[BlackElo "1910"]
[PlyCount "48"]
[EventDate "2023.??.??"]
[EventType "swiss"]
[EventRounds "7"]
[SourceVersionDate "2023.09.02"]

1. d4 Nf6 2. c4 g6 3. Nc3 Bg7 4. Nf3 d6 5. Bg5 O-O 6. e3 Re8 7. Be2 Nbd7 8. O-O
h6 9. Bh4 g5 10. Bg3 Nh5 11. Nxg5 Nxg3 12. Nxf7 Nxe2+ 13. Qxe2 Kxf7 14. f4 Nf6
15. e4 Bg4 16. Qc2 e6 17. e5 Bf5 18. Qe2 Bg4 19. Qc2 dxe5 20. dxe5 Bf5 21. Qe2
Bd3 22. Rfd1 Bxe2 23. Rxd8 Rexd8 24. Nxe2 Ne4 0-1

[Event "Manfred-Bosbach-Turnier (43.OStM GL)"]
[Site "Bergisch Gladbach"]
[Date "2023.09.01"]
[Round "1.7"]
[White "Eilers, Jochen"]
[Black "Birk, Wilfried"]
[Result "1/2-1/2"]
[WhiteElo "1902"]
[BlackElo "1435"]
[PlyCount "46"]
[EventDate "2023.??.??"]
[EventType "swiss"]
[EventRounds "7"]
[SourceVersionDate "2023.09.02"]

1. e4 d5 2. exd5 Qxd5 3. Nc3 Qa5 4. b4 Qxb4 5. Rb1 Qd6 6. Nf3 c6 7. d4 Nf6 8.
Bd3 e6 9. O-O Be7 10. g3 Qc7 11. Re1 Nbd7 12. Ne5 O-O 13. Qe2 b6 14. Bf4 Bd6
15. Ne4 Nd5 16. Bd2 Nxe5 17. dxe5 Bxe5 18. Ng5 h6 19. Nh7 Nc3 20. Bxc3 Bxc3 21.
Red1 Rd8 22. Rb3 Ba5 23. Qg4 Qe7 1/2-1/2

[Event "Manfred-Bosbach-Turnier (43.OStM GL)"]
[Site "Bergisch Gladbach"]
[Date "2023.09.01"]
[Round "1.8"]
[White "Stetten, Joachim"]
[Black "Rosenauer, Horst"]
[Result "0-1"]
[WhiteElo "1432"]
[BlackElo "1882"]
[PlyCount "86"]
[EventDate "2023.??.??"]
[EventType "swiss"]
[EventRounds "7"]
[SourceVersionDate "2023.09.02"]

1. e4 c6 2. d4 d5 3. exd5 cxd5 4. Nc3 a6 5. Nf3 Nf6 6. Bd3 Bg4 7. h3 Bxf3 8.
Qxf3 e6 9. Bg5 Be7 10. O-O Nc6 11. Ne2 O-O 12. Bxf6 Bxf6 13. c3 g6 14. Nf4 Bg7
15. Rfe1 Rc8 16. Rac1 Qd6 17. Rcd1 b5 18. b4 Bh6 19. Ne2 Rfe8 20. Bb1 a5 21. a3
axb4 22. axb4 Ra8 23. Bd3 Qd8 24. Ra1 Qb6 25. Nf4 Bg7 26. Bf1 Red8 27. Nd3 Rxa1
28. Rxa1 e5 29. dxe5 Nxe5 30. Nxe5 Bxe5 31. Ra5 Qf6 32. Qxf6 Bxf6 33. Rxb5 Bxc3
34. Rb7 Rd6 35. b5 Kg7 36. f3 Bd4+ 37. Kh2 Kf6 38. Kg3 h5 39. Bd3 Bb6 40. f4
Re6 41. Kf3 Bc5 42. Be2 Re3+ 43. Kf2 Re7+ 0-1

[Event "Manfred-Bosbach-Turnier (43.OStM GL)"]
[Site "Bergisch Gladbach"]
[Date "2023.09.01"]
[Round "1.9"]
[White "Schwark, Mario"]
[Black "Aljalam, Yamen"]
[Result "1-0"]
[WhiteElo "1847"]
[BlackElo "1414"]
[PlyCount "51"]
[EventDate "2023.??.??"]
[EventType "swiss"]
[EventRounds "7"]
[SourceVersionDate "2023.09.02"]

1. d4 e6 2. Nf3 d5 3. g3 c5 4. e3 Nc6 5. Bg2 Nf6 6. O-O Be7 7. c4 O-O 8. b3 b6
9. Bb2 Ba6 10. Nbd2 Rc8 11. Re1 Nb4 12. Ne5 Nd7 13. Ndf3 f6 14. Nxd7 Qxd7 15.
a3 Nc6 16. dxc5 Bxc5 17. b4 Bxb4 18. axb4 Bxc4 19. Qd2 Bb5 20. Bh3 Qe7 21. Bc3
Rc7 22. e4 dxe4 23. Rxe4 e5 24. Qd5+ Kh8 25. Qxb5 Nd4 26. Bxd4 1-0

[Event "Manfred-Bosbach-Turnier (43.OStM GL)"]
[Site "Bergisch Gladbach"]
[Date "2023.09.01"]
[Round "1.10"]
[White "Ehmann, Florian"]
[Black "Mazaheri Tehrani, Mehrdad"]
[Result "0-1"]
[WhiteElo "1260"]
[BlackElo "1843"]
[PlyCount "60"]
[EventDate "2023.??.??"]
[EventType "swiss"]
[EventRounds "7"]
[SourceVersionDate "2023.09.02"]

1. e4 e5 2. Nc3 Nc6 3. Bc4 Nf6 4. d3 Na5 5. f4 Nxc4 6. dxc4 Bb4 7. Qf3 Qe7 8.
Nge2 exf4 9. O-O Qc5+ 10. Kh1 d6 11. Nd5 Nxd5 12. exd5 Qxc4 13. Qxf4 Qxf4 14.
Rxf4 Bc5 15. Re4+ Kd8 16. Be3 Bf5 17. Rf4 Bg6 18. Bxc5 dxc5 19. Rc4 Re8 20. Nf4
Re4 21. Rxe4 Bxe4 22. c4 Kd7 23. Nh5 Kd6 24. Kg1 f5 25. g3 Rg8 26. Nf4 g5 27.
Ne6 c6 28. b4 b6 29. Rd1 cxd5 30. Nxc5 bxc5 0-1

[Event "Manfred-Bosbach-Turnier (43.OStM GL)"]
[Site "Bergisch Gladbach"]
[Date "2023.09.01"]
[Round "1.11"]
[White "Themm, Rainer"]
[Black "Müller, Aaron"]
[Result "1/2-1/2"]
[WhiteElo "1826"]
[BlackElo "1214"]
[PlyCount "102"]
[EventDate "2023.??.??"]
[EventType "swiss"]
[EventRounds "7"]
[SourceVersionDate "2023.09.02"]

1. c4 e5 2. Nc3 Nf6 3. g3 Nc6 4. Bg2 Bc5 5. a3 a5 6. e3 O-O 7. Nge2 Ba7 8. O-O
d6 9. d4 Ne7 10. b4 c6 11. Bb2 Ng6 12. Qc2 Be6 13. Ne4 Nxe4 14. Bxe4 f5 15. Bg2
f4 16. Be4 f3 17. Nc1 Qg5 18. Bxg6 hxg6 19. dxe5 Qg4 20. Kh1 Qh3 21. Rg1 Bxe3
22. exd6 Rf7 23. Nd3 Bf5 24. Raf1 Re8 25. Qc3 Bg5 26. Re1 Re2 27. Rxe2 fxe2 28.
Ne1 Be4+ 29. f3 Bd2 30. Qd4 Bxe1 31. Qxe4 Bf2 32. Qxe2 Bxg1 33. Kxg1 Qd7 34. c5
axb4 35. axb4 Qf5 36. Kg2 Qd5 37. Bc3 b6 38. Qe3 bxc5 39. bxc5 Qa2+ 40. Bd2 Qd5
41. g4 Ra7 42. Kg3 Ra2 43. Be1 Ra4 44. Qe8+ Kh7 45. Bf2 Ra3 46. Qf8 Rc3 47. Qf4
Rc4 48. Qe3 Qd1 49. Qe7 Rc2 50. Qh4+ Kg8 51. Qd8+ Kh7 1/2-1/2

[Event "Manfred-Bosbach-Turnier (43.OStM GL)"]
[Site "Bergisch Gladbach"]
[Date "2023.09.01"]
[Round "1.12"]
[White "Ramien, Eva"]
[Black "Gutt, Oswald"]
[Result "0-1"]
[WhiteElo "1151"]
[BlackElo "1813"]
[PlyCount "54"]
[EventDate "2023.??.??"]
[EventType "swiss"]
[EventRounds "7"]
[SourceVersionDate "2023.09.02"]

1. e4 e6 2. d4 d5 3. exd5 exd5 4. Nf3 Bd6 5. g3 Ne7 6. Bg2 O-O 7. O-O c6 8. Be3
Bg4 9. Nbd2 Nf5 10. Re1 Nxe3 11. Rxe3 Nd7 12. c3 Nf6 13. Re1 Qd7 14. Qc2 Bf5
15. Qc1 Rfe8 16. Rxe8+ Rxe8 17. b3 h6 18. Qb2 Bh3 19. Bxh3 Qxh3 20. Qc1 Ne4 21.
Nxe4 dxe4 22. Nd2 e3 23. fxe3 Bxg3 24. hxg3 Rxe3 25. Nc4 Rxg3+ 26. Kf2 Qh2+ 27.
Kf1 Rg1# 0-1

[Event "Manfred-Bosbach-Turnier (43.OStM GL)"]
[Site "Bergisch Gladbach"]
[Date "2023.09.01"]
[Round "1.13"]
[White "Beckschwarte, Günter"]
[Black "Schneider, Erich"]
[Result "1-0"]
[WhiteElo "1798"]
[BlackElo "1146"]
[PlyCount "47"]
[EventDate "2023.??.??"]
[EventType "swiss"]
[EventRounds "7"]
[SourceVersionDate "2023.09.02"]

1. d4 d5 2. Nf3 Nf6 3. c4 c6 4. Nc3 e6 5. Bg5 dxc4 6. a4 Bb4 7. Qc2 O-O 8. e4
b5 9. e5 h6 10. exf6 hxg5 11. h4 Qxf6 12. hxg5 Qg6 13. Qxg6 fxg6 14. Ne5 Rf4
15. O-O-O Rxf2 16. Nxg6 Bb7 17. axb5 Nd7 18. Bxc4 Kf7 19. Nh8+ Ke7 20. Rh7 Rxg2
21. Rxg7+ Kd6 22. Nf7+ Kc7 23. Ne5 Bc8 24. bxc6 1-0

[Event "Manfred-Bosbach-Turnier (43.OStM GL)"]
[Site "Bergisch Gladbach"]
[Date "2023.09.01"]
[Round "1.14"]
[White "Steinhausen, Karl-Heinz"]
[Black "Nichte, Philipp"]
[Result "0-1"]
[WhiteElo "1056"]
[BlackElo "1772"]
[PlyCount "58"]
[EventDate "2023.??.??"]
[EventType "swiss"]
[EventRounds "7"]
[SourceVersionDate "2023.09.02"]

1. d4 Nf6 2. c4 e6 3. Nf3 b6 4. g3 Bb7 5. Bg2 Bb4+ 6. Nbd2 O-O 7. O-O d5 8. b3
c5 9. a3 Bc3 10. Rb1 cxd4 11. Bb2 Bxb2 12. Rxb2 Nc6 13. b4 dxc4 14. Nxc4 b5 15.
Nce5 Nxe5 16. Nxe5 Bxg2 17. Kxg2 Qd5+ 18. Nf3 e5 19. Kg1 Rac8 20. Rb3 Rfd8 21.
Re1 e4 22. Nh4 d3 23. exd3 exd3 24. Re3 d2 25. Red3 Qxd3 26. Rxd3 Rxd3 27. Nf5
Rc1 28. Ne3 Rxd1+ 29. Nxd1 Ne4 0-1

[Event "Manfred-Bosbach-Turnier (43.OStM GL)"]
[Site "Bergisch Gladbach"]
[Date "2023.09.08"]
[Round "2.1"]
[White "Mazaheri Tehrani, Mehrdad"]
[Black "Mohaupt, Sascha"]
[Result "0-1"]
[WhiteElo "1843"]
[BlackElo "2233"]
[PlyCount "90"]
[EventDate "2023.??.??"]
[EventType "swiss"]
[EventRounds "7"]
[SourceVersionDate "2023.09.02"]

1. e4 d6 2. Nf3 Nf6 3. Nc3 e5 4. d4 Nbd7 5. Bb5 c6 6. Be2 b5 7. a3 Bb7 8. O-O
Be7 9. Re1 O-O 10. h3 a5 11. Bf1 Re8 12. d5 cxd5 13. Nxd5 Bxd5 14. exd5 Qb6 15.
b3 Qb7 16. c4 b4 17. a4 Nc5 18. Nd2 Bf8 19. Qf3 Qe7 20. Bb2 g6 21. Qe3 Bg7 22.
Rab1 Nfd7 23. Nf3 Qf8 24. Ba1 Bh6 25. Qe2 Rac8 26. g4 f5 27. g5 Bg7 28. Red1
Ne4 29. h4 Qe7 30. Ne1 Nc3 31. Bxc3 bxc3 32. Nc2 Nc5 33. Bg2 e4 34. Nd4 Bxd4
35. Rxd4 Qe5 36. Qe3 c2 37. Rc1 Nxb3 38. Qxb3 Qxd4 39. Qxc2 e3 40. fxe3 Qxe3+
41. Kf1 Qf4+ 42. Kg1 Qxh4 43. Qd2 Qg3 44. c5 Rxc5 45. Rxc5 Re1+ 0-1

[Event "Manfred-Bosbach-Turnier (43.OStM GL)"]
[Site "Bergisch Gladbach"]
[Date "2023.09.08"]
[Round "2.3"]
[White "Gutt, Oswald"]
[Black "Gelsok, Philipp"]
[Result "0-1"]
[WhiteElo "1813"]
[BlackElo "2017"]
[PlyCount "116"]
[EventDate "2023.??.??"]
[EventType "swiss"]
[EventRounds "7"]
[SourceVersionDate "2023.09.02"]

1. Nf3 g6 2. d4 Bg7 3. e3 Nf6 4. c4 O-O 5. Nc3 d5 6. cxd5 Nxd5 7. Bc4 Nxc3 8.
bxc3 c5 9. O-O Qc7 10. Be2 Nc6 11. Bd2 Rd8 12. Rc1 e5 13. dxc5 Bf5 14. Qa4 e4
15. Nd4 Qe5 16. Rfd1 Qxc5 17. Rb1 Bd7 18. Qb5 Qxb5 19. Nxb5 b6 20. Nd4 Rac8 21.
Ba6 Rb8 22. Be1 Ne5 23. h3 Ba4 24. Rd2 Rd5 25. f4 exf3 26. Nxf3 Nxf3+ 27. gxf3
Ra5 28. Bc4 Bxc3 29. Re2 Rg5+ 30. Kf2 Bxe1+ 31. Rexe1 Rc8 32. Rb4 Bd7 33. h4
Rgc5 34. Bb3 Bc6 35. Rf4 Bd5 36. Rg1 Bxb3 37. axb3 Rc2+ 38. Kg3 R8c3 39. h5 h6
40. hxg6 fxg6 41. Rd1 Rc7 42. Rd8+ Kg7 43. Rff8 R2c6 44. Rg8+ Kf6 45. Rd4 g5
46. Kg4 Rg7 47. Rxg7 Kxg7 48. Kh5 Rc3 49. e4 Rxf3 50. Rd7+ Rf7 51. Rd6 Rf4 52.
Rd7+ Kf6 53. e5+ Ke6 54. Rxa7 Rh4+ 55. Kg6 g4 56. Rb7 g3 57. Rxb6+ Kxe5 58.
Rb5+ Kd6 0-1

[Event "Manfred-Bosbach-Turnier (43.OStM GL)"]
[Site "Bergisch Gladbach"]
[Date "2023.09.08"]
[Round "2.4"]
[White "Harringer, Manfred"]
[Black "Beckschwarte, Günter"]
[Result "1-0"]
[WhiteElo "1995"]
[BlackElo "1798"]
[PlyCount "95"]
[EventDate "2023.??.??"]
[EventType "swiss"]
[EventRounds "7"]
[SourceVersionDate "2023.09.02"]

1. e4 e5 2. Nf3 Nc6 3. Bb5 Nf6 4. O-O Be7 5. Re1 d6 6. d4 exd4 7. Nxd4 Bd7 8.
Bxc6 bxc6 9. Nc3 O-O 10. h3 Qc8 11. Qf3 c5 12. Nf5 Bxf5 13. exf5 Re8 14. Bg5 c6
15. Re2 Qd7 16. Rae1 Bd8 17. g4 h6 18. Bf4 Ba5 19. Rxe8+ Rxe8 20. Rxe8+ Qxe8
21. Ne2 Qd7 22. Kg2 d5 23. Ng3 Bc7 24. Bxc7 Qxc7 25. h4 Qe5 26. b3 Qd4 27. g5
hxg5 28. hxg5 Nh7 29. g6 Nf6 30. Qe2 Kf8 31. Qa6 fxg6 32. Qc8+ Ne8 33. fxg6 Qf6
34. Qg4 Nd6 35. a4 Ke8 36. Qe2+ Kd7 37. Qa6 Ke8 38. Qxc6+ Ke7 39. Qxc5 Qxg6 40.
Qxa7+ Ke6 41. Qe3+ Kd7 42. Qd2 Qe6 43. Qd4 g6 44. a5 g5 45. a6 Nf5 46. Nxf5
Qxf5 47. a7 g4 48. a8=Q 1-0

[Event "Manfred-Bosbach-Turnier (43.OStM GL)"]
[Site "Bergisch Gladbach"]
[Date "2023.09.08"]
[Round "2.5"]
[White "Weclawski, Roman"]
[Black "Nichte, Philipp"]
[Result "1/2-1/2"]
[WhiteElo "1910"]
[BlackElo "1772"]
[PlyCount "70"]
[EventDate "2023.??.??"]
[EventType "swiss"]
[EventRounds "7"]
[SourceVersionDate "2023.09.02"]

1. e4 c5 2. d4 cxd4 3. c3 Nf6 4. e5 Nd5 5. cxd4 d6 6. exd6 Qxd6 7. Nc3 g6 8.
Bc4 Nb6 9. Bb3 Bg7 10. Nge2 O-O 11. Bf4 Qd8 12. Qd2 Nc6 13. Nb5 Bf5 14. Bc7 Qd7
15. Bxb6 axb6 16. a4 Rac8 17. O-O Na5 18. Qe3 Rfd8 19. Rac1 h5 20. Rxc8 Rxc8
21. Rc1 Rxc1+ 22. Nxc1 Nxb3 23. Nxb3 Bc2 24. h3 Bxb3 25. Qxb3 Bxd4 26. Nxd4
Qxd4 27. Qb5 Qc5 28. Qd7 Qc1+ 29. Kh2 Qf4+ 30. Kg1 Qc1+ 31. Kh2 Qxb2 32. Qxe7
Qxf2 33. Qxb7 Qf4+ 34. Kh1 Qf1+ 35. Kh2 Qf4+ 1/2-1/2

[Event "Manfred-Bosbach-Turnier (43.OStM GL)"]
[Site "Bergisch Gladbach"]
[Date "2023.09.08"]
[Round "2.6"]
[White "Rosenauer, Horst"]
[Black "Lobbes, Frank"]
[Result "1/2-1/2"]
[WhiteElo "1882"]
[BlackElo "1771"]
[PlyCount "118"]
[EventDate "2023.??.??"]
[EventType "swiss"]
[EventRounds "7"]
[SourceVersionDate "2023.09.02"]

1. e4 d6 2. d4 Nf6 3. Nc3 g6 4. h3 Bg7 5. Nf3 O-O 6. Be2 c6 7. O-O Nbd7 8. Be3
Qc7 9. Qd2 e5 10. Bh6 Re8 11. Bxg7 Kxg7 12. dxe5 dxe5 13. Rfe1 Nc5 14. Bf1 Bd7
15. Rad1 Rad8 16. Qe3 b6 17. b4 Ne6 18. g3 h6 19. Rd2 Bc8 20. Red1 Rxd2 21.
Rxd2 Rd8 22. a3 Rxd2 23. Qxd2 Qd7 24. Qd3 Qxd3 25. cxd3 Nd7 26. Kg2 Nd4 27.
Nxd4 exd4 28. Ne2 c5 29. f4 Ba6 30. Nc1 Bb7 31. Kf2 a5 32. bxa5 bxa5 33. a4 Bc6
34. Nb3 Bxa4 35. Nxa5 Kf6 36. Be2 Bb5 37. Ke1 Ke7 38. Kd2 Kd6 39. Bd1 f6 40.
Bb3 g5 41. Bf7 Nb6 42. Bb3 Nd7 43. Bd5 Ba6 44. Bc4 Bc8 45. h4 gxf4 46. gxf4 Nf8
47. Bf7 Ba6 48. h5 Nd7 49. Be8 Nb6 50. Nb3 Bxd3 51. Kxd3 c4+ 52. Kxd4 cxb3 53.
Kc3 Kc5 54. Bg6 b2 55. Kxb2 Kd4 56. Kc2 Nc4 57. e5 fxe5 58. f5 Ne3+ 59. Kd2 Nd5
1/2-1/2

[Event "Manfred-Bosbach-Turnier (43.OStM GL)"]
[Site "Bergisch Gladbach"]
[Date "2023.09.08"]
[Round "2.7"]
[White "Birk, Wilfried"]
[Black "Heckötter, Christian"]
[Result "0-1"]
[WhiteElo "1435"]
[BlackElo "1967"]
[PlyCount "24"]
[EventDate "2023.??.??"]
[EventType "swiss"]
[EventRounds "7"]
[SourceVersionDate "2023.09.02"]

1. d4 e6 2. Nf3 f5 3. Bf4 Nf6 4. h3 Be7 5. e3 b6 6. Bd3 Bb7 7. Nbd2 O-O 8. Qe2
Ne4 9. O-O-O d6 10. g4 Nxd2 11. Rxd2 g5 12. Bh2 fxg4 0-1

[Event "Manfred-Bosbach-Turnier (43.OStM GL)"]
[Site "Bergisch Gladbach"]
[Date "2023.09.08"]
[Round "2.9"]
[White "Bernecker, Jan Magnus"]
[Black "Themm, Rainer"]
[Result "1-0"]
[WhiteElo "1492"]
[BlackElo "1826"]
[PlyCount "104"]
[EventDate "2023.??.??"]
[EventType "swiss"]
[EventRounds "7"]
[SourceVersionDate "2023.09.02"]

1. e4 c5 2. c3 g6 3. d4 cxd4 4. cxd4 Bg7 5. Nf3 d6 6. Bc4 Nf6 7. Nc3 O-O 8. O-O
Bg4 9. h3 Bxf3 10. Qxf3 Nc6 11. Be3 a6 12. a4 Rc8 13. Bd3 Nd7 14. d5 Nce5 15.
Qe2 Nxd3 16. Qxd3 Ne5 17. Qe2 f5 18. exf5 Rxf5 19. Rfe1 Nc4 20. Rad1 Nxe3 21.
Qxe3 Re5 22. Qd3 Qb6 23. Rxe5 Bxe5 24. Rb1 Rf8 25. Ne4 Bd4 26. Qe2 Rf5 27. Kf1
Kf8 28. f3 Rxd5 29. Rd1 Re5 30. Qc4 Be3 31. Rd3 Bc5 32. b3 a5 33. g4 Qc6 34.
Kg2 Bb4 35. Qd4 Ke8 36. Nc3 Kd7 37. Kg3 Bxc3 38. Rxc3 Rc5 39. Re3 e5 40. Qd2
Rc2 41. Qxa5 g5 42. Rd3 Ke6 43. Qd8 Rc3 44. Qg8+ Kf6 45. Qf8+ Ke6 46. Qf5+ Ke7
47. Qxg5+ Kd7 48. Qg7+ Kc8 49. Qg8+ Kc7 50. Qxh7+ Kb6 51. Qg6 Rxd3 52. Qxd3 Qc1
1-0

[Event "Manfred-Bosbach-Turnier (43.OStM GL)"]
[Site "Bergisch Gladbach"]
[Date "2023.09.08"]
[Round "2.11"]
[White "Roder, Stephan"]
[Black "Ramien, Eva"]
[Result "1-0"]
[WhiteElo "1536"]
[BlackElo "1151"]
[PlyCount "89"]
[EventDate "2023.??.??"]
[EventType "swiss"]
[EventRounds "7"]
[SourceVersionDate "2023.09.02"]

1. d4 d5 2. Bf4 Nc6 3. e3 Bf5 4. c3 Nf6 5. Nd2 g6 6. Be2 Bg7 7. g4 Be4 8. Nxe4
Nxe4 9. h3 O-O 10. Nf3 Re8 11. Bb5 Qd7 12. Ne5 Bxe5 13. dxe5 a6 14. Ba4 b5 15.
Bb3 Rad8 16. f3 Nc5 17. Bg3 Nxb3 18. axb3 a5 19. Qe2 Rb8 20. O-O f5 21. f4 fxg4
22. Qxg4 Qxg4 23. hxg4 b4 24. Rfc1 bxc3 25. Rxc3 Nd8 26. Rxa5 c6 27. Ra4 e6 28.
Bh4 Rc8 29. Ra7 Nf7 30. b4 Rb8 31. Rb3 Nh6 32. g5 Nf5 33. Bf2 Re7 34. Rxe7 Nxe7
35. Be1 Ra8 36. Ra3 Rb8 37. Ra7 Nf5 38. Kf2 c5 39. Ra4 d4 40. exd4 Nxd4 41. Bc3
Nf5 42. bxc5 Rc8 43. b4 Rc6 44. Kf3 Rc8 45. Ra2 1-0

[Event "Manfred-Bosbach-Turnier (43.OStM GL)"]
[Site "Bergisch Gladbach"]
[Date "2023.09.08"]
[Round "2.12"]
[White "Aljalam, Yamen"]
[Black "Schüers, Christian"]
[Result "1-0"]
[WhiteElo "1414"]
[BlackElo "1507"]
[PlyCount "47"]
[EventDate "2023.??.??"]
[EventType "swiss"]
[EventRounds "7"]
[SourceVersionDate "2023.09.02"]

1. Nf3 d5 2. g3 Nf6 3. d3 e6 4. Bg2 Be7 5. O-O O-O 6. Nbd2 b6 7. e4 Bb7 8. e5
Nfd7 9. Re1 c5 10. Nf1 Nc6 11. h4 Qc7 12. Bf4 d4 13. a3 a5 14. Qe2 Rab8 15. h5
Rfe8 16. N1h2 Nf8 17. Nh4 Nd8 18. Bxb7 Qxb7 19. Qg4 Kh8 20. N2f3 Qd7 21. Nd2
Rb7 22. Ne4 Ra7 23. Nf6 g6 24. Nxd7 1-0

[Event "Manfred-Bosbach-Turnier (43.OStM GL)"]
[Site "Bergisch Gladbach"]
[Date "2023.09.15"]
[Round "3.1"]
[White "Mohaupt, Sascha"]
[Black "Gelsok, Philipp"]
[Result "1/2-1/2"]
[WhiteElo "2233"]
[BlackElo "2017"]
[PlyCount "83"]
[EventDate "2023.??.??"]
[EventType "swiss"]
[EventRounds "7"]
[SourceVersionDate "2023.09.02"]

1. e4 e5 2. Nf3 Nc6 3. Bc4 Bc5 4. c3 Nf6 5. d3 O-O 6. O-O d5 7. exd5 Nxd5 8.
Re1 Bg4 9. Nbd2 Nb6 10. Bb3 Qxd3 11. h3 Bxf3 12. Qxf3 Qxf3 13. Nxf3 Rfe8 14.
Ng5 Rf8 15. a4 Rad8 16. a5 Nd5 17. Ne4 Be7 18. a6 b6 19. Ng3 Nf4 20. Bxf4 exf4
21. Nf5 Bf6 22. Rad1 Ne5 23. Nd4 f3 24. Nxf3 Nxf3+ 25. gxf3 Rxd1 26. Bxd1 Rd8
27. Ba4 Kf8 28. Kf1 Bg5 29. Re4 Be7 30. Ke2 Rd6 31. Rc4 c5 32. Re4 Re6 33. Kd3
Rxe4 34. Kxe4 Bh4 35. Kd5 Ke7 36. Kc6 Bxf2 37. Kb7 Kd6 38. c4 Bd4 39. b3 g5 40.
Be8 f5 41. Bf7 Bc3 42. Bh5 1/2-1/2

[Event "Manfred-Bosbach-Turnier (43.OStM GL)"]
[Site "Bergisch Gladbach"]
[Date "2023.09.15"]
[Round "3.3"]
[White "Heckötter, Christian"]
[Black "Rosenauer, Horst"]
[Result "1/2-1/2"]
[WhiteElo "1967"]
[BlackElo "1882"]
[PlyCount "179"]
[EventDate "2023.??.??"]
[EventType "swiss"]
[EventRounds "7"]
[SourceVersionDate "2023.09.02"]

1. d4 d6 2. e4 g6 3. Nf3 Bg7 4. Nc3 Nf6 5. Be3 c6 6. Qd2 Bg4 7. Be2 Qc7 8. h3
Bxf3 9. Bxf3 Nbd7 10. Bh6 Bxh6 11. Qxh6 e5 12. dxe5 dxe5 13. O-O-O O-O-O 14. h4
Nc5 15. Qe3 Qa5 16. Kb1 Ne6 17. Rxd8+ Rxd8 18. Rd1 Rd4 19. g3 Qd8 20. Rh1 b5
21. Ne2 Rd1+ 22. Rxd1 Qxd1+ 23. Nc1 Qd4 24. Qe2 Kb7 25. c3 Qd6 26. Nb3 Nc5 27.
Nxc5+ Qxc5 28. Qd2 Kc7 29. a3 a5 30. Qe2 Nd7 31. Bg4 Nb6 32. Qd2 Qc4 33. Qe2
Qxe2 34. Bxe2 Kd6 35. Kc2 Kc5 36. b4+ axb4 37. axb4+ Kd6 38. Kb3 Nd7 39. c4
bxc4+ 40. Bxc4 f6 41. Kc3 g5 42. Bg8 h6 43. Bf7 gxh4 44. gxh4 Ke7 45. Bg6 Kd6
46. Kd3 Nb8 47. Kc4 Na6 48. Bf5 Nc7 49. Bc8 Nb5 50. Bg4 Nd4 51. Kd3 Kc7 52. Kc4
Kb6 53. f4 Nb5 54. fxe5 fxe5 55. Bf5 Nd6+ 56. Kc3 Kb5 57. Kb3 Nc4 58. Kc3 Nd6
59. Kb3 Ne8 60. Bg4 Nf6 61. Be2+ Kb6 62. Bf3 Ne8 63. Bg4 Nd6 64. Bf5 Kb5 65.
Bg6 Nc4 66. Kc3 Ne3 67. h5 Ng4 68. Bf5 Nf6 69. Bg6 Nd7 70. Bf5 Nb8 71. Bg4 Na6
72. Be2+ Kb6 73. Kc4 Nc7 74. Bg4 Ne8 75. Bf5 Nd6+ 76. Kc3 Kc7 77. Kd3 Kd8 78.
Bg4 Ke7 79. Bf3 Nb5 80. Kc4 Kd6 81. Bg4 Nc7 82. Bf5 Ne8 83. Kd3 Nf6 84. Bg6 Nd7
85. Be8 Nf8 86. Kc4 Ne6 87. Bf7 Ng5 88. Bg6 Nf3 89. Be8 Nd4 90. Bg6 1/2-1/2